Caribbean markets for American goods : V. Venezuela.

Bibliographic Details
Corporate Author: United States. Bureau of Foreign and Domestic Commerce
Format: Government Document eBook
Language:English
Published: [Washington] : GPO, 1925.
Subjects:
Online Access:Connect to the full text of this electronic document

MARC

Tag First Indicator Second Indicator Subfields
LEADER 00000cam a22000001a 4500
001 in00003665430
005 20190408175050.0
006 m o d f
007 cr bn mmmapmmp
008 141203s1925 dcu o f000 0 eng d
035 |a ebd1910205377 
040 |a UMI  |c UMI  |d UtOrBLW 
086 0 |a C 18.25:357 
099 |a C18.25-357 
110 1 |a United States.  |b Bureau of Foreign and Domestic Commerce.  |0 http://id.loc.gov/authorities/names/n78091156 
245 1 0 |a Caribbean markets for American goods :  |b V. Venezuela. 
264 1 |a [Washington] :  |b GPO,  |c 1925. 
300 |a 1 online resource (ii+16 pages) 
336 |a text  |b txt  |2 rdacontent 
337 |a computer  |b c  |2 rdamedia 
338 |a online resource  |b cr  |2 rdacarrier 
533 |a Electronic reproduction.  |b [Bethesda, Md.] :  |c ProQuest,  |d 2014.  |e digital, PDF file.  |n ProQuest U.S. Executive Branch Documents  |n Mode of access: World Wide Web via ProQuest website. 
588 |a Record is based on online resource; title from PDF title page (ProQuest, last viewed Dec. 2014). Reuse except for individual research requires license from ProQuest, LLC. 
500 |a Electronic resource. 
650 0 |a Advertising.  |0 http://id.loc.gov/authorities/subjects/sh85001086 
650 0 |a Containers.  |0 http://id.loc.gov/authorities/subjects/sh85031520 
650 0 |a Harbors.  |0 http://id.loc.gov/authorities/subjects/sh85058838 
650 0 |a International trade.  |0 http://id.loc.gov/authorities/subjects/sh87004890 
650 0 |a Manufacturing processes.  |0 http://id.loc.gov/authorities/subjects/sh85080664 
650 0 |a Packaging.  |0 http://id.loc.gov/authorities/subjects/sh85096514 
655 7 |a Electronic books.  |2 local 
856 4 0 |u http://proxy.library.tamu.edu/login?url=http://congressional.proquest.com/congressional/docview/t66.d71.c18.25-357  |z Connect to the full text of this electronic document  |t 0 
999 f f |s 6c5e7d62-2b6d-382c-99a9-e67e616a5245  |i 27f71e67-9ea6-3531-ac69-76ad65a06ca7  |t 0 
952 f f |a Texas A&M University  |b College Station  |c Electronic Resources  |d Available Online  |t 0  |h No information provided 
998 f f |t 0  |l Available Online